| 000 | 01135nam a2200289 i 4500 | ||
|---|---|---|---|
| 001 | 9053 | ||
| 003 | ES-MaACL | ||
| 005 | 20230906145607.0 | ||
| 007 | t| | ||
| 008 | 930202s1992 sp ||||1| spa d | ||
| 020 | _a84-7658-357-5 | ||
| 080 | _a341.09 Vitoria, Francisco de | ||
| 100 | 1 |
_aCastilla Urbano, Francisco. _936655 |
|
| 245 | 1 | 3 |
_aEl Pensamiento de Francisco de Vitoria _b: filosofía política e indio americano / _cFrancisco Castilla Urbano. |
| 250 | _a[1ª ed.]. | ||
| 260 |
_aBarcelona : _bAnthropos ; _aMéxico : _bUniversidad Autónoma Metropolitana-Iztapalapa, _c1992. |
||
| 300 |
_a378 p. ; _c20 cm. |
||
| 490 | 1 |
_aPensamiento crítico/pensamiento utópico. Filosofía política ; _v29 |
|
| 500 | _aBibliogr.: p. 343-362. | ||
| 500 | _aIndices. | ||
| 600 | 1 | 4 |
_aVitoria, Francisco de- _xCrítica e interpretación. _9115518 |
| 650 | 1 | 4 |
_aDerecho internacional público- _yS.XVI. _911725 |
| 710 | 2 |
_aUniversidad Autónoma Metropolitana. _9169907 |
|
| 830 | 0 |
_aPensamiento crítico/pensamiento utópico. Filosofía política ; _v29 _9178376 |
|
| 852 |
_aES-MaACL _jL-16542 _bR.120893 |
||
| 999 |
_c9053 _d9053 |
||